000
00259nam a2200109Ia 4500
008
200302s9999 xx 000 0 und d
100
_a
Lawrence chong
245
_a
A P D Asia-Pacific Design
260
_b
Penguin Books Ltd.
260
_c
2009
300
_a
459 P.,
999
_c
2990
_d
2990